Statistiques concernant Pilotes NASCAR Cup Series 2021 (Daytona 500-Charlotte)

Cliquez ici pour prendre le quiz!

Statistiques générales

  • Ce quiz a été pris 50 fois
    (48 depuis la dernière actualisation)
  • Le résultat moyen est 23 sur 66

Statistiques - réponses

NuméroPilote% Correct
22Joey Logano
94%
18Kyle Busch
85%
23Bubba Wallace
82%
1Kurt Busch
82%
11Denny Hamlin
79%
9Chase Elliott
74%
19Martin Truex Jr.
74%
2Brad Keselowski
71%
4Kevin Harvick
71%
5Kyle Larson
68%
42Ross Chastain
68%
24William Byron
68%
20Christopher Bell
62%
12Ryan Blaney
62%
3Austin Dillon
59%
96Ty Dillon
59%
23Ty Dillon
59%
99Daniel Suarez
56%
8Tyler Reddick
56%
33Austin Cindric
53%
48Alex Bowman
50%
14Chase Briscoe
50%
47Ricky Stenhouse Jr.
50%
17Chris Buescher
47%
34Michael McDowell
47%
10Aric Almirola
44%
7Corey LaJoie
44%
43Erik Jones
44%
77Justin Haley
32%
16AJ Allmendinger
29%
78BJ McLeod
29%
96Harrison Burton
29%
6Ryan Newman
29%
41Cole Custer
26%
21Matt DiBenedetto
26%
37Ryan Preece
26%
51Cody Ware
24%
53Cody Ware
24%
62Noah Gragson
21%
66Timmy Hill
21%
38Anthony Alfredo
18%
36David Ragan
18%
52Josh Bilicki
18%
53Garrett Smithley
12%
51Garrett Smithley
12%
13Garrett Smithley
12%
00Quin Houff
12%
77Jamie McMurray
9%
15JJ Yeley
9%
53JJ Yeley
9%
77Josh Berry
9%
16Kaz Grala
9%
15Derrike Cope
6%
53Joey Gase
6%
15Joey Gase
6%
66Mike Marlar
6%
66Chad Finchum
3%
15Chris Windom
3%
66David Starr
3%
55Matt Mills
3%
32Ryan Ellis
3%
77Stewart Friesen
3%
15James Davison
0%
78Kyle Tilley
0%
78Scott Heckert
0%
78Shane Golobic
0%

Distribution des résultats

Percentile par nombre de réponses

% des personnes avec chaque résultat

Votre développement - résultats

Vous n’avez pas pris ce quiz depuis la dernière actualisation